[Event "Krynica zt"]
[Site "Krynica"]
[Date "1998.09.07"]
[Round "6"]
[White "Almasi, Zoltan"]
[Black "Wojtkiewicz, Aleksander"]
[Result "1-0"]
[WhiteElo "2650"]
[BlackElo "2595"]
[Annotator "Ftacnik,L"]
[PlyCount "77"]
[EventDate "1998.09.02"]
[EventType "swiss"]
[EventRounds "9"]
[EventCountry "POL"]
[SourceTitle "CBM 067"]
[Source "ChessBase"]
[SourceDate "1998.11.30"]
[SourceVersion "2"]
[SourceVersionDate "1998.11.01"]
[SourceQuality "1"]

1. e4 {Atlas,V} c5 2. Nf3 d6 3. d4 cxd4 4. Nxd4 Nf6 5. Nc3 a6 6. Be3 e5 7. Nb3
Be6 8. Qd2 Nbd7 9. f3 Rc8 10. g4 Nb6 11. O-O-O Be7 12. h4 O-O (12... Nc4 {
Atlas,V} 13. Bxc4 Rxc4 14. h5 b5 15. Kb1 b4 16. Na4 Nd7 17. Nc1 Qc7 18. Rh2 a5
19. Ne2 O-O 20. Ng3 Rc6 21. Nf5 Nc5 22. Nxc5 {1/2-1/2 Gipslis,A-Petrosian,A/
Jurmala 1983/MCD-r8 (22)}) 13. Kb1 (13. g5 {Atlas,V} Nh5 14. Qf2 Nc4 15. Bxc4
Rxc4 16. Nd5 Bxd5 17. Rxd5 f5 18. exf5 Rxf5 19. Nd2 Rc6 20. Qe2 Qf8 21. Qd3 Qf7
22. Kb1 {0-1 Van den Doel,E-Wojtkiewicz,A/Graz 1997/EXT 97 (58)}) 13... Kh8 {
'?!' Atlas,V.} ({An dubious alternative to} 13... Nc4 {Atlas,V} 14. Bxc4 Rxc4
15. h5 b5 16. g5 Nd7 17. Nd5 Bxd5 18. exd5 Nb6 19. Na5 Rc8 20. Bxb6 {, and
White is clearly better, Movsesian,S-Jedlicka,A/Litomysl 1995/EXT 97 (31)}) 14.
Rg1 {'!' Atlas,V. Atlas,V: 'A strong profilcatic move. Immediate'} (14. h5 h6
15. g5 hxg5 16. Bxg5 Nbd7 17. Bh3 Nd5 18. Bxe7 Nxc3+ 19. Qxc3 Qxe7 20. Qd2 Rc6
{1/2-1/2 Dobrowolski,P-Wojtkiewicz,A/POL-chT/1997/}) (14. g5 {Atlas,V} Nh5 15.
Nd5 (15. Rg1 f5 $132) 15... Bxd5 16. exd5 {is strongly met by} Ng3 17. Rg1 Nxf1
18. Rdxf1 Nc4 $36) 14... Nc4 15. Bxc4 Rxc4 (15... Bxc4 16. h5 Qc7 17. Rg2 $14)
16. Qd3 {White had to give up the bishops pair, but he controls the d5 square
and can hope for a kingside attack.} (16. g5 {Atlas,V} Nh5 17. Nd5 f5 18. Nxe7)
16... b5 (16... Qc7 17. Nd2 Rc6 18. Nd5 Qd7 19. g5 Nh5 20. Nb3 $14) 17. g5 Nh5
(17... Nd7 18. h5 $1 $40) (17... Ne8 {Atlas,V} 18. h5 $5) 18. Nd2 (18. Nd5 {
Atlas,V} Bxd5 19. Qxd5 f5 20. Nd2) 18... Rc8 19. Nd5 f5 {Black needs some
active play as well and on the queenside he doesn't have supporting pieces.}
20. c4 fxe4 21. fxe4 bxc4 22. Nxc4 Nf4 23. Bxf4 Rxf4 (23... exf4 $5 24. Rdf1 $1
(24. h5 $6 Bxg5 25. Nxd6 Qxd6 26. Rxg5 h6 27. Rg6 Qe5 $17) (24. Rgf1 Qe8 $13)
24... Qe8 (24... Bxd5 25. exd5) 25. Nd2 Bxd5 26. exd5 Qa4 27. Rg4 $14) 24. h5 {
'!' Atlas,V. Atlas,V: 'The best continuation, yielding White decisive
advantage. The text move is much stronger than immediate 24. Nd6.'} (24. Nxf4
$2 Bxc4 $17) 24... Bf8 (24... Bxg5 {Atlas,V fails to} 25. Nxd6 $1 Qxd6 26. Nxf4
) (24... Bxd5 {Atlas,V} 25. Qxd5 Bxg5 26. Nxd6 {loses immediately.}) 25. Nxd6 {
[%mdl 64] Almasi misses a nice win in direct attack with 25.Nxf4.} (25. Nxf4 $5
Bxc4 26. Ng6+ $1 hxg6 27. Qh3 gxh5 (27... Be7 28. hxg6+ Kg8 29. Rdf1 $16) 28.
Qxh5+ Kg8 29. g6 (29. Rh1 Bxa2+ 30. Kxa2 Qc7 31. Qh8+ Kf7 32. Rdf1+ Ke7 33. Qg8
$18) 29... Be7 30. Rh1 Kf8 31. Qf5+ Kg8 32. Rd5 $1 $18) 25... Bxd5 (25... Qxd6
{Atlas,V} 26. Nxf4 {does not leave Black any chances. The text move is more
stubborn, but the arising rook ending is lost for Black.}) 26. Qxd5 Bxd6 27.
Qxd6 Qxd6 (27... Qe8 {Atlas,V is even worse, as after} 28. h6 {Black's
position is unbearable.}) 28. Rxd6 Rxe4 29. Rxa6 Rh4 30. h6 $1 {[%mdl 4096]
Black has a minus pawn and back rank problem.} (30. Re6 Rxh5 31. Rxe5 Kg8 $16)
30... Rg8 31. Re1 e4 32. Re6 Rg4 33. Re5 gxh6 34. gxh6 Rh4 35. Re6 Rgg4 36.
Re8+ Rg8 37. R1xe4 Rxh6 38. Rxg8+ Kxg8 39. a4 1-0

[Event "Vidmar Memorial 15th"]
[Site "Terme Zrece"]
[Date "2003.08.26"]
[Round "9"]
[White "Borisek, Jure"]
[Black "Sutovsky, Emil"]
[Result "0-1"]
[WhiteElo "2443"]
[BlackElo "2639"]
[Annotator "Ftacnik,L"]
[PlyCount "64"]
[EventDate "2003.08.17"]
[EventType "tourn"]
[EventRounds "9"]
[EventCountry "SLO"]
[EventCategory "12"]
[SourceTitle "CBM 097"]
[Source "ChessBase"]
[SourceDate "2003.11.11"]
[SourceVersion "1"]
[SourceVersionDate "2003.11.11"]
[SourceQuality "1"]

1. e4 c5 2. Nf3 d6 3. d4 cxd4 4. Nxd4 Nf6 5. Nc3 a6 6. f3 e5 7. Nb3 Be6 8. Be3
Be7 9. Qd2 O-O 10. O-O-O Qc7 11. g4 Rc8 12. g5 Nh5 13. Nd5 Bxd5 14. exd5 Nd7
15. Bh3 g6 {Sutovsky's patent in one of the critical variations of the modern
English attack.} 16. Bg4 a5 17. Bxh5 a4 18. Na1 (18. Nc5 Nxc5 (18... Nb6 19.
Qe2 gxh5 20. Ne4 $14) 19. Bg4 Nb3+ (19... a3 20. b3 Nd7 21. h4 h5 22. gxh6 f5
23. Bh3 Qc3 24. Qxc3 Rxc3 25. Rd3 $14) 20. axb3 axb3 21. Qc3 Qxc3 22. bxc3 Rxc3
23. Kd2 Rxc2+ 24. Kd3 Ra5 $11) 18... a3 $1 {The fact, that black can afford
this beautiful move is not a sign of a perfect health of white's position.} 19.
b3 (19. Bg4 axb2+ 20. Kxb2 Nb6 21. Bxb6 (21. Kb1 Nc4 22. Qe1 Na3+ 23. Kb2 Nxc2
$19) 21... Qxb6+ 22. Nb3 (22. Kc1 Rxa2 $19) 22... Bxg5 $1 23. Qg2 (23. Qxg5
Rxa2+ 24. Kxa2 Rxc2+ 25. Ka3 Qa6+ $19) 23... Rc7 $40) 19... gxh5 20. Kb1 (20.
f4 b5 21. f5 Nc5 $13) 20... b5 21. Qd3 (21. f4 Qc3 22. Qc1 f6 $13) 21... Nc5
22. Qf5 (22. Qxb5 $2 Na4 $1 23. bxa4 Rcb8 $17) 22... Na4 $1 23. bxa4 Qc3 24.
Bc1 bxa4 25. Qd3 $2 {[%mdl 256] Borisek is failing in the critical moment,
after the correct 25.Nb3! it is not easy to see the continuation promissing
black advantage.} (25. Nb3 $1 axb3 26. cxb3 Rcb8 (26... Rab8 27. Bxa3 Qa5 28.
Bb2 Ra8 29. a3 Qb6 30. b4 $16) 27. Qc2 Qxf3 28. Rhf1 Qg4 29. Qd3 $11) 25...
Rab8+ 26. Nb3 axb3 27. cxb3 (27. Qxc3 bxa2+ 28. Kxa2 Rxc3 29. Rd3 Rxc2+ 30.
Kxa3 Rb1 31. Rdd1 Rc3+ 32. Ka2 Rb5 $19) 27... Rxb3+ $1 28. axb3 a2+ 29. Kxa2
Ra8+ 30. Ba3 (30. Kb1 Ra1#) 30... Qb4 {The point of the whole combination,
white king is hopelessly exposed.} 31. Kb1 (31. Kb2 Qxa3+ 32. Kc3 Qa5+ 33. Kc2
Qa2+ 34. Kc3 Rc8+ 35. Kb4 Bd8 36. Ra1 Ba5+ 37. Kb5 Rb8+ 38. Kc6 (38. Ka6 Qf2
$19) 38... Qf2 $19) 31... Qxa3 32. Rhg1 Qa1+ 0-1

[Event "Foros Aerosvit"]
[Site "Foros"]
[Date "2007.06.18"]
[Round "1"]
[White "Dominguez Perez, Leinier"]
[Black "Van Wely, Loek"]
[Result "1-0"]
[WhiteElo "2678"]
[BlackElo "2674"]
[Annotator "Ftacnik,L"]
[PlyCount "63"]
[EventDate "2007.06.18"]
[EventType "tourn"]
[EventRounds "11"]
[EventCountry "UKR"]
[EventCategory "18"]
[SourceTitle "CBM 119"]
[Source "ChessBase"]
[SourceDate "2007.08.01"]
[SourceVersion "1"]
[SourceVersionDate "2007.08.01"]
[SourceQuality "1"]

1. e4 c5 2. Nf3 d6 3. d4 cxd4 4. Nxd4 Nf6 5. Nc3 a6 6. Be3 e5 7. Nb3 Be6 8. f3
Be7 9. Qd2 O-O 10. O-O-O Nbd7 11. g4 b5 12. Rg1 {It comes as no surprize, that
white players are actively looking for an alternative to the sharp shootout
after 12.g5 b4. The move 12.Rg1 leaves the pawn on g4 for the time being,
maintaining control of the light squares. This is especially effective, since
Black will have to take on d5 with the bishop.} (12. g5 b4) 12... b4 13. Nd5
Bxd5 14. exd5 a5 15. g5 Nh5 16. Kb1 a4 $6 {Van Wely is rushing the counterplay,
but this approach was criticised after the game. The sensible solution seems
to be 16...Rb8 played by Morozevich.} (16... Rb8 17. h4 f5 18. Qe2 a4 19. Nd2
Qc7 20. Qc4 Rfc8 21. Qxc7 Rxc7 22. Nc4 Ra8 23. b3 g6 24. Rg2 f4 25. Bf2 Ng7 {
0-1 Anand,V (2792)-Morozevich,A (2721)/Monte Carlo 2006/ (68)}) 17. Nc1 Qa5 18.
Nd3 Rfb8 (18... a3 19. b3 Rab8 20. Rg4 f5 21. Rxb4 Qxd5 22. Rxb8 Rxb8 23. Nb4
Qxd2 24. Bxd2 $16) 19. Rg4 Nf4 $6 {The pawn sacrifice will slow down Dominguez
'onslaught on the b4 square, but Black will not find enough time to generate
sufficient compensation.} (19... Qxd5 20. Rxb4 a3 21. b3 Nf8 22. Rh4 g6 23. Nb4
$14) 20. Nxf4 exf4 21. Bxf4 g6 (21... Ne5 22. Bxe5 dxe5 23. Qe1 Bd6 24. Rc4 $16
) 22. Bg3 (22. Re1 Bf8 23. Bd3 a3 24. b3 $14) 22... Bf8 (22... Ne5 23. Re4 Nxf3
24. Qe2 Ne5 25. Bxe5 dxe5 26. d6 Bxg5 27. Rxe5 Qd8 28. d7 $16) 23. Rc4 Nc5 24.
Bf2 (24. Re1 Qb6 25. Bf2 $16) 24... Bg7 (24... b3 25. Qxa5 Rxa5 26. Bxc5 bxc2+
27. Rxc2 Rxc5 28. Rxc5 dxc5 29. d6 $16) 25. Bxc5 $1 {Black has finally managed
to prepare for real counterplay, but the first player solves the problems very
elegantly. The passed pawn on the d-file will completely tie down the enemy's
forces.} dxc5 26. d6 a3 (26... b3 27. Qxa5 Rxa5 28. d7 bxa2+ 29. Kxa2 Raa8 30.
c3 $18) 27. b3 Bd4 (27... Rd8 28. Bh3) 28. d7 Rd8 29. Bh3 Ra6 $2 (29... Qb6 30.
Qf4 Qb7 31. Bg4 Qd5 32. h4 $16) 30. Re1 f5 (30... Raa8 31. Qf4 $18) 31. Rxd4 $1
{The exchange sacrifice is an impressive, but at the same time obvious
solution. Black's king will fall prey to the active white pieces.} cxd4 32.
Qxd4 (32. Qxd4 Qb6 33. Re8+ Kf7 34. Qd5+ $18) 1-0

[Event "Reggio Emilia 53rd"]
[Site "Reggio Emilia"]
[Date "2010.12.28"]
[Round "1"]
[White "Short, Nigel D"]
[Black "Gashimov, Vugar"]
[Result "1-0"]
[WhiteElo "2680"]
[BlackElo "2733"]
[Annotator "Ftacnik,L"]
[PlyCount "109"]
[EventDate "2010.12.28"]
[EventType "tourn"]
[EventRounds "9"]
[EventCountry "ITA"]
[EventCategory "18"]
[SourceTitle "CBM 140"]
[Source "ChessBase"]
[SourceDate "2011.01.18"]
[SourceVersion "1"]
[SourceVersionDate "2011.01.18"]
[SourceQuality "1"]

1. e4 c5 2. Nf3 d6 3. d4 cxd4 4. Nxd4 Nf6 5. Nc3 a6 6. Be3 e5 7. Nf3 Be7 8. Bc4
O-O 9. O-O Nc6 10. Re1 Be6 11. Bb3 Na5 12. Bg5 {The dance of the pieces in the
centre smacks a bit of shadow boxing. White his hoping to get some plus due to
the weakness of the d5-square, but this tiny issue is not enough against the
well coordinated black army.} Nxb3 13. axb3 Nd7 (13... Rc8 14. Bxf6 Bxf6 15.
Re2 Rc6 16. Nd5 Bxd5 17. Qxd5 Qc8 18. c3 Rc5 19. Qd3 Qe6 20. b4 Rb5 21. Rd2 Be7
22. Rad1 f5 23. g3 f4 $11 {1-0 Guliyev,N (2510)-Rios Parra,M (2349)/Barcelona
2008/ (41)}) 14. Bxe7 Qxe7 15. Nd2 Nb6 {Gashimov is locating the knight to b6
with a clear plan in mind. After the advance of the f-pawn the key d5-square
will still be covered.} (15... Rac8 16. h3 Rc6 $11) 16. Nf1 f5 17. exf5 Bxf5
18. f4 Bg6 (18... Rad8 19. Ne3 Be6 20. fxe5 dxe5 21. Qh5 $11) 19. fxe5 dxe5 20.
Qe2 Qh4 {Black has played the opening very well and could have enjoyed a
pleasant plus after 20..Qc5+!?} (20... Qc5+ $5 21. Qe3 Qc6 22. Rac1 Rae8 $15)
21. Qe3 (21. Qxe5 $2 Qf2+ 22. Kh1 Rae8 $19) 21... Rf6 22. Ne4 Rxf1+ $6 {
The activity of the black pieces was fair, but he does not have enough for a
succesful attempt to grab the initiative.} (22... Bxe4 23. Qxe4 Qf2+ 24. Kh1
Raf8 25. Ng3 Qc5 $11) 23. Kxf1 Qxh2 (23... Nd5 24. Qg3 Qxg3 25. Nxg3 Bxc2 26.
Rxe5 Bxb3 27. Kg1 $16) 24. Nf2 $6 {Move 24 from both players speaks volumes
about the diffculty of judging the position properly over the board. White
should have taken the knight on b6, while Black had to move it away when he
could.} (24. Qxb6 $1 Rf8+ 25. Nf2 Qh1+ 26. Ke2 Qxg2 27. Rf1 $14) 24... Rf8 $2 (
24... Nd5 $1 25. Qh3 (25. Qxe5 $2 Nf4 26. Qg5 h6 27. Qg4 Bh5 $19) 25... Qxh3
26. gxh3 Bxc2 27. Rxe5 Bxb3 $11) 25. Qxb6 Qh1+ 26. Ke2 Qxg2 27. Rf1 h6 {
[%mdl 1024] Black can claim only two pawns for the rook, but the white pieces
are passive and his exposed king very vulnerable.} (27... Bxc2 28. Qe6+ Kh8 29.
Qh3 Qd5 30. Rac1 $16) 28. Kd2 $2 {This move by Short is a serious mistake.
White should have tried the clever 28.Qc5! securing a serious advantage.} (28.
Qc5 $1 e4 (28... Rf6 29. Ke1 $1 Kh7 30. Ra4 $16) 29. Rae1 Rf6 30. Kd1 $16)
28... Rf6 29. Qc5 Kh7 30. Rae1 Rc6 {Gashimov is attacking the c2-pawn, but
loses his pressure along the f-file. The best idea 30...e4! would seriously
challenge White's defensive potential.} (30... e4 $1 31. Kc1 Rf3 32. Rg1 Qxf2
33. Qxf2 Rxf2 34. Rgf1 Rh2 $15) 31. Qxe5 Rxc2+ 32. Ke3 Qc6 $2 {Playing without
a whole rook is quite precarious even for very strong players. Black is
organising his pieces for the counterattack in the wrong way, the rook had to
go back to the 8th rank.} (32... Rc8 $1 33. Rg1 Qc6 34. Ne4 Re8 35. Rxg6 Qxg6
36. Qd5 $14) 33. Ne4 Qb6+ 34. Kf4 Qxb3 35. Rf3 (35. Rf2 Rc8 36. Qe7 $18) 35...
Qb4 36. Rc3 Rf2+ (36... Rxb2 37. Rc7 Qf8+ 38. Kg3 Rb3+ 39. Nc3 $18) 37. Kg3 Rf5
38. Qe6 Qxb2 (38... Qb5 39. Rb3 Qa5 40. Rbe3 $18) 39. Rc8 $6 {Searching for
the best moves in such an exceptional position must have taken lots of time
and energy. No wonder that both players are missing the best ideas right
before the time control.} (39. Rd1 $1 Qb5 (39... Rf8 40. Ng5+ Kh8 41. Rf3 Rxf3+
42. Nxf3 $18) 40. Rc5 $1 Rxc5 41. Nf6+ gxf6 42. Qe7+ $18) 39... h5 $6 (39...
Qa3+ $1 40. Rc3 (40. Kh2 Qb2+ 41. Kg1 Qd4+ 42. Kh1 Rf1+ 43. Rxf1 Bxe4+ 44. Kh2
Qd2+ 45. Kg3 Qg5+ 46. Qg4 Qe3+ $11) (40. Nc3 Rg5+ 41. Kf2 Rf5+ 42. Ke3 Rf7 $13)
40... Qb2 41. Rd1 $18) 40. Qg8+ Kh6 41. Qh8+ Bh7 42. Qd8 $1 {The smoke has
settled and White managed to control the critical entry squares around his
naked king.} g5 (42... Bg6 43. Qe7 Qe5+ 44. Qxe5 Rxe5 45. Kf4 $16) 43. Nd2 Rf6
(43... Qf6 44. Qxf6+ Rxf6 45. Re7 $16) 44. Rc7 h4+ 45. Kg2 Bg8 46. Rd7 {
White is preparing to play Rd6 at some stake swapping rooks and winning the
game.} (46. Re2 Rg6 47. Qf8+ Kh5 48. Qf3+ Kh6 49. Ne4 $18) 46... Qc3 (46... Qb6
47. Ne4 $16) 47. Re3 $1 Qc6+ (47... Qxe3 48. Qxf6+ Kh5 49. Qf5 Qg3+ 50. Kf1 Qe3
51. Ne4 $18) 48. Ne4 Rg6 49. Rd6 {The war is over as the black pieces have
failed to cause any damage to White's exposed king.} Qc2+ (49... Rxd6 50. Qxg5+
Kh7 51. Qe7+ Kg6 52. Qxd6+ $18) 50. Kg1 Qb1+ 51. Kf2 Qa2+ 52. Re2 Qf7+ 53. Kg1
Qf5 54. Nf6 $1 {The last clever move, White is already trying to mate his
opponent.} Qc5+ 55. Kh2 (55. Kh2 g4 56. Qf8+ Kg5 57. Ne4+ $18) 1-0

[Event "RUS-ch Higher League 60th"]
[Site "Krasnoyarsk"]
[Date "2007.09.04"]
[Round "2"]
[White "Lastin, Alexander"]
[Black "Iskusnyh, Sergei"]
[Result "1-0"]
[WhiteElo "2583"]
[BlackElo "2488"]
[Annotator "Ftacnik,L"]
[PlyCount "65"]
[EventDate "2007.09.03"]
[EventType "swiss"]
[EventRounds "11"]
[EventCountry "RUS"]
[SourceTitle "CBM 120"]
[Source "ChessBase"]
[SourceDate "2007.10.02"]
[SourceVersion "1"]
[SourceVersionDate "2007.10.02"]
[SourceQuality "1"]

1. e4 c5 2. Nf3 d6 3. d4 cxd4 4. Nxd4 Nf6 5. Nc3 a6 6. Be3 e5 7. Nb3 Be6 8. f3
Be7 9. Qd2 O-O 10. O-O-O a5 11. a4 Na6 12. g4 Nb4 13. Kb1 Nd7 {As a result of
White's convincing victory in this game black players will be obliged to look
for alternative ways to solve opening problems.} 14. h4 Nb6 15. Qf2 Nc4 16.
Bxc4 Bxc4 17. f4 $5 exf4 $6 {[%mdl 4] The score in this line is devastating
for black and our game does not seem to solve the problems either.} (17... Qc8
18. fxe5 dxe5 19. Nc5 Rd8 20. Rxd8+ Bxd8 21. b3 Be6 22. g5 Bg4 23. Rf1 Bh5 24.
Kb2 {1-0 Bologan,V (2658)-Smeets,J (2538)/Wijk aan Zee 2007 (37)}) 18. Bxf4
Bxb3 (18... Rc8 19. Nd4 $1 Be6 (19... g6 20. g5 $40) 20. Nf5 Rc6 21. Qg3 $16)
19. cxb3 Qd7 20. Qf3 {Iskusnyh managed to exchange White's dangerous knight on
b3, but as a result his light squares have remained terribly weak.} Rfe8 (20...
Rac8 21. Nb5 Rfd8 22. Bxd6 Qe6 23. Nc7 Qd7 24. Bxb4 Qxc7 25. Rxd8+ Rxd8 26. Bc3
$16) (20... Rfc8 21. Nb5 Ra6 22. Bxd6 Bxd6 23. e5 $16) 21. Nb5 Ra6 (21... Bf8
22. Bxd6 Qc6 23. Rhe1 Qc2+ 24. Ka1 $16) (21... Rad8 22. Rhf1 Qc6 23. Rc1 Qd7
24. Bg3 $16) 22. g5 (22. Rhf1 Rf8 (22... Bf8 23. Bxd6 $16) 23. Bxd6 Bxd6 24. e5
$16) 22... Bf8 23. Rhf1 Rc6 (23... Re6 24. Bg3 Ra8 25. h5 $16) 24. Bxd6 $1 {
Lastin has won seemingly without problems, the fall of the central pawn is
breaking black's defense.} Bxd6 25. Nxd6 Rf8 (25... Rxd6 26. Rxd6 Qe7 27. Qf5
$18) 26. Qf5 (26. Nxf7 $5 Qe8 (26... Qxf7 27. Qxf7+ Rxf7 28. Rd8+ $18) 27. Qf5
Rc7 28. Nd6 $18) 26... Qe7 (26... Qxf5 27. exf5 Rc7 28. f6 $16) 27. Nxf7 $1 {
The demisse of the second pawn underlines the hopless nature of Black's
resistance.} Rc5 (27... Rxf7 28. Qxf7+ Qxf7 29. Rd8+ $18) (27... Re6 28. Rd7
Qxd7 29. Nh6+ $18) 28. e5 Rd5 (28... Nc6 29. g6 hxg6 30. Nh6+ $1 gxh6 31. Qxg6+
Qg7 32. Rxf8+ Kxf8 33. Rf1+ Kg8 34. Qe8+ Kh7 35. Rf7 $18) 29. Rc1 (29. Rxd5
Nxd5 30. g6 hxg6 31. Nh6+ gxh6 32. Qxg6+ Qg7 33. Qe6+ Kh7 34. Rxf8 Qg1+ $1 $13)
29... Rdd8 (29... Rxf7 $2 30. Qxf7+ Qxf7 31. Rc8+ $18) 30. e6 Rd5 31. Qe4 Re8
32. Nh6+ $1 Kh8 (32... gxh6 33. Rf7 $18) 33. Rf7 1-0

[Event "EU-ch 4th"]
[Site "Istanbul"]
[Date "2003.06.07"]
[Round "8"]
[White "Lagno, Kateryna"]
[Black "Palac, Mladen"]
[Result "1-0"]
[WhiteElo "2417"]
[BlackElo "2587"]
[Annotator "Ftacnik,L"]
[PlyCount "99"]
[EventDate "2003.05.30"]
[EventType "swiss"]
[EventRounds "13"]
[EventCountry "TUR"]
[SourceTitle "CBM 096"]
[Source "ChessBase"]
[SourceDate "2003.09.25"]
[SourceVersion "1"]
[SourceVersionDate "2003.09.25"]
[SourceQuality "1"]

1. e4 c5 2. Nf3 d6 3. d4 cxd4 4. Nxd4 Nf6 5. Nc3 a6 6. Be3 e5 7. Nb3 Be6 8. f3
Be7 9. Qd2 O-O 10. O-O-O Nbd7 11. g4 Qc7 12. g5 Nh5 13. Kb1 b5 14. Nd5 Bxd5 15.
exd5 Nb6 16. Na5 Nxd5 17. Qxd5 Qxa5 18. c4 Rab8 19. Rg1 g6 (19... Qb4 20. cxb5
axb5 21. Rg4 Nf4 22. Bxf4 exf4 23. a3 Qc5 24. Rxf4 b4 25. axb4 Rxb4 26. Qxc5
dxc5 {1/2-1/2 De Vreugt,D-Ftacnik,L/Germany 2002/ (40)}) (19... Qa4 20. Rg4
bxc4 21. Bxc4 Kh8 22. Qd3 f5 23. gxf6 Nxf6 24. Rg2 d5 25. Bb3 Qb5 26. Qf5 Bd6
27. Bg5 a5 28. Qe6 a4 29. Qxd6 axb3 {0-1 Kupczyk,E-Kadziolka,B/Sroda Wlkp 2003/
(61)}) 20. Rg4 (20. Bd3 Ng7 21. cxb5 axb5 22. Rc1 Ne6 23. h4 Rfe8 24. h5 Bf8
25. Be4 Qa4 26. Rg4 b4 27. Bc2 Qd7 28. Bb3 Rb5 29. Qd3 d5 30. Ba4 Reb8 31. hxg6
hxg6 32. Bxb5 Rxb5 {1/2-1/2 Fressinet,L-Pelletier,Y/Cap d'Agde 2002/ (69)})
20... Ng7 (20... Rfc8 21. cxb5 axb5 22. Bc4 Rf8 23. f4 Qb4 24. Bb3 Nxf4 25. Qf3
Qa5 26. Bxf4 exf4 27. h4 d5 28. Bxd5 Bd6 29. h5 {1-0 De Vreugt,D-Gallagher,J/
Lisbon/2001/ (39)}) 21. cxb5 axb5 22. Bd2 $5 {Pawn structures of both sides
are somewhat compromised, white should trust his potential of bishops pair.} (
22. h4 Nf5 23. Bd2 Qb6 24. Rb4 Nd4 25. f4 Rfc8 26. Bg2 Rc5 27. Qe4 Bf8 28. h5
d5 29. Qxe5 Bg7 30. Qe3 Nc2 {0-1 Jaracz,B-Palac,M/Bled 2002/ (35)}) 22... Qb6 (
22... Qc7 23. Bxb5 Ne6 24. Be3 Rfc8 $13) (22... Qa6 23. a4 (23. Rb4 Ne6 24.
Bxb5 Qa7 $17) 23... Ne6 24. Bxb5 Qa7 $13) 23. Rb4 Ne6 (23... Qf2 24. Rxb5 Ne6
25. Rxb8 Rxb8 26. Bc4) 24. Rxb5 Qf2 25. Rxb8 (25. Qe4 Rxb5 26. Bxb5 Nxg5 $17)
25... Rxb8 26. Bc4 Bxg5 27. Bc3 (27. b3 Qxh2 28. Bxg5 Nxg5 29. Qxd6 Ra8 30. a3
Qf4 $17) 27... Qxh2 28. Qc6 (28. Qxd6 $4 Rd8 $19) 28... Qf4 $6 {Palac is
missing a chance to get clearly better position with minimum risk for himself
with 28...Nd4!?} (28... Nd4 $5 29. Bxd4 exd4 30. Bxf7+ Kh8 31. Bb3 Be3 $17) 29.
Bxe6 (29. a4 Be7 30. a5 $15) 29... fxe6 30. a4 (30. Qxd6 Qf5+ 31. Ka1 Rd8 $19)
30... Qf5+ (30... Be7 31. a5 $132) 31. Qe4 Be7 32. a5 Rb5 $2 {Black has to
stop white queenside pawns somehow, but this move is not logical.} (32... Qf6
33. a6 Qf8 34. Kc2 Ra8 35. Ra1 $13) (32... Qf8 $1 33. Qg4 Qc8 34. Rc1 Qd7 $17)
33. Qxf5 gxf5 (33... exf5 34. Kc2 Kf7 35. a6 Rb8 36. b4 Ke6 37. b5 Bd8 38. Bb4
Rc8+ 39. Kb3 d5 40. a7 e4 (40... Bb6 41. Rc1 $1) 41. fxe4 fxe4 42. Bc5 $13) 34.
Kc2 d5 $2 (34... Rb8 35. a6 (35. b4 d5 36. a6 d4 37. Bd2 Bxb4 $19) 35... Ra8
36. Ra1 Kf7 37. b4 Bd8 38. b5 Bb6 $15) 35. a6 Bc5 (35... Rc5 36. a7 Rc8 37. Ra1
Ra8 38. Bxe5 Bc5 39. b4 Bf2 40. Bb8 $13) 36. Ra1 Ba7 (36... d4 37. Ra5 $1 (37.
a7 $2 Bxa7 38. Rxa7 dxc3 39. bxc3 Rd5 $19) 37... Rxa5 38. Bxa5 e4 39. fxe4 fxe4
40. b4 d3+ 41. Kd2 Ba7 42. b5 $18) 37. Bxe5 d4 38. f4 {Now black is probably
lost, as only white pawns have potential to move forward.} Kf7 39. Rh1 d3+ (
39... Kg6 40. Rg1+ Kh6 41. Rg8 Rc5+ 42. Kd3 Ra5 43. Rg7 Bb6 44. Re7 Kh5 45.
Rxe6 $18) 40. Kxd3 Kg6 41. Ra1 h5 42. Kc4 (42. Bc3 Rd5+ 43. Ke2 h4 44. b4 Kh5
45. Bd2 Rd4 46. Rc1 $16) 42... Rd5 $2 (42... Rc5+ 43. Kb4 (43. Kd3 Rb5 44. Bc3
$16) 43... Rc6 $14) 43. b4 $18 h4 44. Rh1 Kh5 45. Bf6 Kg6 46. Bxh4 Rd4+ 47. Kb5
Rxf4 48. Be7 Re4 49. Bc5 Bb8 (49... Re5 50. Kc6 Rxc5+ 51. bxc5 e5 52. Kd6 Bb8+
53. Ke6 e4 54. c6 $18) 50. Rh8 1-0